000 00567nam a2200181Ia 4500
008 090122s9999 xx 000 0 und d
082 _b14010
_a891.463
100 _aजांभळे
_bपरेन
_cशिवराम
245 _aजोडाक्षरे
260 _bअनघा
_c2007
300 _a183
501 _a028 - 26/12/2008 अनघा प्रकाशन ठाणे
600 _aजांभळे
630 _aजोडाक्षरे
700 _aजांभळे
730 _aजोडाक्षरे
942 _cBOOK
999 _c38087
_d38087